Toutes les villes de France de plus de 5000 habitants sur une carte - Statistiques

Statistiques générales
  • Ce quiz a été pris 5 584 fois
  • Le résultat moyen est 291 sur 2268
Réponses sur la Carte
Les réponses sont colorées sur une échelle allant du rouge au vert en fonction du pourcentage des utilisateurs qui les ont devinées à leur premier essai. Vous pouvez retrouver ces pourcentages ci-dessous.
 
Statistiques - réponses
Population Ville Département % Correct
2 113 705 Paris 75
84%
877 215 Marseille 13
83%
15 570 Toul 54
80%
238 695 Lille 59
79%
520 774 Lyon 69
78%
265 328 Bordeaux 33
77%
353 701 Nice 06
77%
511 684 Toulouse 31
77%
291 709 Strasbourg 67
76%
140 993 Brest 29
74%
325 070 Nantes 44
74%
227 830 Rennes 35
74%
9 057 Vert-Saint-Denis 77
72%
7 103 Le Mesnil-Saint-Denis 78
71%
307 101 Montpellier 34
71%
156 149 Saint-Denis 974
71%
148 907 Saint-Denis 93
71%
5 916 Saint-Denis-de-Pile 33
71%
7 768 Saint-Denis-en-Val 45
71%
6 078 Saint-Denis-lès-Bourg 01
71%
178 478 Reims 51
69%
180 834 Toulon 83
69%
138 668 Tours 37
69%
159 941 Dijon 21
68%
166 462 Le Havre 76
68%
172 569 Saint-Étienne 42
68%
5 051 Saint-Étienne-au-Mont 62
68%
7 739 Saint-Étienne-de-Montluc 44
68%
28 653 Saint-Étienne-du-Rouvray 76
68%
75 343 Ajaccio 2A
66%
108 398 Caen 14
66%
147 751 Clermont-Ferrand 63
66%
156 389 Grenoble 38
66%
10 704 Clermont 60
65%
9 372 Clermont-l'Hérault 34
65%
11 239 La Roche-sur-Foron 74
65%
54 699 La Roche-sur-Yon 85
65%
121 695 Metz 57
65%
116 331 Rouen 76
65%
157 555 Angers 49
64%
120 996 Perpignan 66
64%
147 933 Aix-en-Provence 13
63%
32 175 Aix-les-Bains 73
63%
134 780 Amiens 80
63%
145 182 Le Mans 72
63%
104 387 Nancy 54
63%
116 344 Orléans 45
63%
47 459 Bastia 2B
62%
7 228 Bourg-Saint-Maurice 73
62%
87 013 Dunkerque 59
62%
150 444 Nîmes 30
62%
131 272 Annecy 74
61%
42 065 Bourg-en-Bresse 01
61%
74 040 Cannes 06
61%
9 777 Bourg-de-Péage 26
60%
21 140 Bourg-la-Reine 92
60%
19 872 Bourg-lès-Valence 26
60%
7 506 Bourg-Saint-Andéol 07
60%
78 620 Pau 64
60%
64 288 Valence 26
60%
5 287 Valence 82
60%
67 585 Calais 62
59%
79 961 La Rochelle 17
59%
129 754 Limoges 87
59%
120 205 Boulogne-Billancourt 92
58%
41 039 Boulogne-sur-Mer 62
58%
64 530 Quimper 29
58%
47 255 Saint-Malo 35
58%
91 760 Avignon 84
57%
104 924 Mulhouse 68
57%
83 918 Versailles 78
57%
5 705 Bessan 34
56%
7 238 Saint-Pée-sur-Nivelle 64
56%
162 207 Villeurbanne 69
56%
120 057 Besançon 25
55%
25 810 Biarritz 64
55%
58 202 Lorient 56
55%
11 239 Saint-Jean 31
55%
6 594 Saint-Jean-Bonnefonds 42
55%
6 679 Saint-Jean-d'Angély 17
55%
6 024 Saint-Jean-de-Boiseau 44
55%
22 088 Saint-Jean-de-Braye 45
55%
16 608 Saint-Jean-de-la-Ruelle 45
55%
14 690 Saint-Jean-de-Luz 64
55%
7 524 Saint-Jean-de-Maurienne 73
55%
8 809 Saint-Jean-de-Monts 85
55%
13 300 Saint-Jean-de-Védas 34
55%
9 702 Saint-Jean-d'Illac 33
55%
9 534 Saint-Jean-le-Blanc 45
55%
53 312 Bayonne 64
54%
89 472 Poitiers 86
54%
99 507 Roubaix 59
54%
78 028 Cherbourg-en-Cotentin 50
53%
32 697 Lens 62
53%
54 955 Vannes 56
53%
36 170 Villeneuve-Saint-Georges 94
53%
35 236 Auxerre 89
52%
46 429 Carcassonne 11
52%
67 360 Colmar 68
52%
6 081 Franqueville-Saint-Pierre 76
52%
19 352 Saint-Lô 50
52%
85 254 Saint-Pierre 974
52%
5 223 Saint-Pierre 975
52%
15 698 Saint-Pierre-des-Corps 37
52%
5 779 Saint-Pierre-d'Irube 64
52%
6 665 Saint-Pierre-d'Oléron 17
52%
9 996 Saint-Pierre-du-Mont 40
52%
12 071 Saint-Pierre-du-Perray 91
52%
7 265 Saint-Pierre-en-Auge 14
52%
7 848 Saint-Pierre-en-Faucigny 74
52%
8 295 Saint-Pierre-lès-Elbeuf 76
52%
5 424 Saint-Pierre-lès-Nemours 77
52%
62 443 Troyes 10
52%
6 500 Villers-Saint-Paul 60
52%
33 670 Le Port 974
51%
98 119 Nanterre 92
50%
62 342 Villeneuve-d'Ascq 59
50%
5 004 Villeneuve-en-Retz 44
50%
25 566 Villeneuve-la-Garenne 92
50%
20 871 Villeneuve-le-Roi 94
50%
12 950 Villeneuve-lès-Avignon 30
50%
10 406 Villeneuve-lès-Maguelone 34
50%
16 729 Villeneuve-Loubet 06
50%
22 004 Villeneuve-sur-Lot 47
50%
5 130 Villeneuve-sur-Yonne 89
50%
10 704 Villeneuve-Tolosane 31
50%
60 251 Chambéry 73
49%
40 656 Gap 05
49%
73 111 Saint-Nazaire 44
49%
106 220 Saint-Paul 974
49%
14 114 Saint-Paul-lès-Dax 40
49%
8 776 Saint-Paul-Trois-Châteaux 26
49%
15 916 Sin-le-Noble 59
49%
99 160 Tourcoing 59
49%
80 815 Béziers 34
48%
63 956 Cayenne 973
48%
92 859 Créteil 94
48%
66 700 Évry-Courcouronnes 91
47%
49 474 Laval 53
47%
56 692 Narbonne 11
47%
60 074 Niort 79
47%
44 607 Saint-Brieuc 22
47%
51 156 Arles 13
46%
55 906 Beauvais 60
46%
45 646 Belfort 90
46%
64 238 Bourges 18
46%
44 592 Chalon-sur-Saône 71
46%
75 165 Fort-de-France 972
46%
45 634 Charleville-Mézières 08
45%
37 990 Chartres 28
45%
8 678 Chartres-de-Bretagne 35
45%
43 079 Châteauroux 36
45%
6 294 Mer 41
45%
62 487 Montauban 82
45%
6 574 Montauban-de-Bretagne 35
45%
94 285 Nouméa 988
45%
42 979 Valenciennes 59
45%
50 605 Albi 81
44%
42 621 Arras 62
44%
48 335 Évreux 27
44%
30 326 Menton 06
44%
5 529 Nueil-les-Aubiers 79
44%
6 942 Pont-Saint-Martin 44
44%
107 135 Argenteuil 95
43%
47 092 Blois 41
43%
5 554 Montbonnot-Saint-Martin 38
43%
110 758 Montreuil 93
43%
7 811 Montreuil-Juigné 49
43%
31 496 Saint-Martin 978
43%
11 036 Saint-Martin-Boulogne 62
43%
13 962 Saint-Martin-de-Crau 13
43%
6 123 Saint-Martin-de-Seignanx 40
43%
38 022 Saint-Martin-d'Hères 38
43%
5 512 Saint-Martin-d'Uriage 38
43%
5 663 Saint-Martin-la-Pallu 86
43%
5 957 Saint-Martin-le-Vinoux 38
43%
5 863 Saint-Martin-lez-Tatinghem 62
43%
52 995 Saint-Quentin 02
43%
6 182 Saint-Quentin-Fallavier 38
43%
41 423 Angoulême 16
42%
76 612 Antibes 06
42%
58 499 Fréjus 83
42%
43 685 Melun 77
42%
33 172 Nevers 58
42%
44 529 Tarbes 65
42%
32 193 Agen 47
41%
89 489 Aubervilliers 93
41%
14 615 Bar-le-Duc 55
41%
69 578 Cergy 95
41%
22 471 Fontaine 38
41%
9 032 Fontaine-lès-Dijon 21
41%
55 384 Hyères 83
41%
56 659 Meaux 77
41%
10 658 Oloron-Sainte-Marie 64
41%
29 357 Orange 84
41%
24 136 Rodez 12
41%
45 090 Sète 34
41%
5 336 Vic-le-Comte 63
41%
64 526 Ivry-sur-Seine 94
40%
71 437 Mamoudzou 976
40%
40 356 Montélimar 26
40%
37 689 Thonon-les-Bains 74
40%
10 895 Arcachon 33
39%
46 769 Brive-la-Gaillarde 19
39%
38 799 Neuilly-sur-Marne 93
39%
59 200 Neuilly-sur-Seine 92
39%
25 312 Saintes 17
39%
25 702 Vichy 03
39%
26 189 Aurillac 15
38%
55 270 Bobigny 93
38%
21 716 Dax 40
38%
34 759 Mâcon 71
38%
5 202 Pont-Sainte-Marie 10
38%
6 492 Saint-Laurent-Blangy 62
38%
9 941 Saint-Laurent-de-la-Salanque 66
38%
5 651 Saint-Laurent-de-Mure 69
38%
51 732 Saint-Laurent-du-Maroni 973
38%
31 645 Saint-Laurent-du-Var 06
38%
11 349 Vitry-le-François 51
38%
95 282 Vitry-sur-Seine 94
38%
25 667 Alençon 61
37%
28 599 Dieppe 76
37%
32 296 Épinal 88
37%
24 488 Orly 94
37%
29 876 Périgueux 24
37%
9 853 Roche-la-Molière 42
37%
35 584 Sainte-Marie 974
37%
14 827 Sainte-Marie 972
37%
36 632 Saint-Raphaël 83
37%
5 054 Villefranche-de-Lauragais 31
37%
11 502 Villefranche-de-Rouergue 12
37%
5 012 Villefranche-sur-Mer 06
37%
36 224 Villefranche-sur-Saône 69
37%
45 025 Alès 30
36%
42 700 Castres 81
36%
6 722 Castries 34
36%
54 074 Cholet 49
36%
6 056 Guer 56
36%
67 695 Issy-les-Moulineaux 92
36%
5 175 Lacroix-Saint-Ouen 60
36%
77 136 Mérignac 33
36%
31 455 Mont-de-Marsan 40
36%
45 286 Saint-Germain-en-Laye 78
36%
11 577 Saint-Germain-lès-Arpajon 91
36%
7 471 Saint-Germain-lès-Corbeil 91
36%
58 576 Sarcelles 95
36%
13 602 Tulle 19
36%
65 102 Clichy 92
35%
29 551 Clichy-sous-Bois 93
35%
9 224 Évian-les-Bains 74
35%
24 066 Laon 02
35%
12 322 Mende 48
35%
25 614 Saint-Ouen-l'Aumône 95
35%
53 041 Saint-Ouen-sur-Seine 93
35%
16 727 Sedan 08
35%
31 555 Vienne 38
35%
22 825 Auch 32
34%
90 692 Colombes 92
34%
39 833 Douai 59
34%
9 731 Foix 09
34%
7 127 Guingamp 22
34%
12 603 La Chapelle-Saint-Luc 10
34%
5 794 Le Puy-Sainte-Réparade 13
34%
44 246 Mantes-la-Jolie 78
34%
21 874 Mantes-la-Ville 78
34%
54 478 Saint-Louis 974
34%
22 530 Saint-Louis 68
34%
76 010 Saint-Maur-des-Fossés 94
34%
9 658 Albert 80
33%
64 026 Antony 92
33%
43 218 Châlons-en-Champagne 51
33%
17 694 Digne-les-Bains 04
33%
31 205 Dreux 28
33%
15 787 Fontainebleau 77
33%
48 669 Grasse 06
33%
44 044 Istres 13
33%
48 740 Les Sables-d'Olonne 85
33%
68 412 Levallois-Perret 92
33%
48 818 Martigues 13
33%
25 516 Montbéliard 25
33%
33 317 Montluçon 03
33%
66 874 Pessac 33
33%
31 623 Pontoise 95
33%
23 521 Roissy-en-Brie 77
33%
66 701 Vénissieux 69
33%
16 610 Verdun 55
33%
91 457 Asnières-sur-Seine 92
32%
47 724 Aubagne 13
32%
86 360 Aulnay-sous-Bois 93
32%
19 902 Cahors 46
32%
40 808 Compiègne 60
32%
36 494 Creil 60
32%
21 859 Millau 12
32%
19 344 Moulins 03
32%
5 161 Moulins-lès-Metz 57
32%
71 632 Noisy-le-Grand 93
32%
7 597 Noisy-le-Roi 78
32%
45 915 Noisy-le-Sec 93
32%
35 364 Roanne 42
32%
58 142 Villejuif 94
32%
48 368 Vincennes 94
32%
26 852 Bergerac 24
31%
10 748 Briançon 05
31%
5 720 Calvi 2B
31%
5 786 Dol-de-Bretagne 35
31%
71 312 Drancy 93
31%
6 188 Le Blanc 36
31%
50 597 Massy 91
31%
9 305 Nogent-le-Rotrou 28
31%
32 998 Nogent-sur-Marne 94
31%
21 859 Nogent-sur-Oise 60
31%
5 673 Nogent-sur-Seine 10
31%
29 612 Agde 34
30%
37 595 Annemasse 74
30%
51 066 Bondy 93
30%
26 334 Bussy-Saint-Georges 77
30%
21 418 Chaumont 52
30%
14 966 Dinan 22
30%
18 989 Le Puy-en-Velay 43
30%
81 964 Le Tampon 974
30%
13 266 Lourdes 65
30%
11 536 Porto-Vecchio 2A
30%
23 188 Rochefort 17
30%
8 067 Rochefort-du-Gard 30
30%
80 842 Rueil-Malmaison 92
30%
57 546 Saint-André 974
30%
12 786 Saint-André-de-Cubzac 33
30%
5 877 Saint-André-de-la-Roche 06
30%
6 364 Saint-André-de-Sangonis 34
30%
6 949 Saint-André-des-Eaux 44
30%
12 695 Saint-André-les-Vergers 10
30%
12 909 Saint-André-lez-Lille 59
30%
5 520 Saint-Michel-Chef-Chef 44
30%
21 536 Saint-Michel-sur-Orge 91
30%
42 778 Thionville 57
30%
15 306 Vesoul 70
30%
22 406 Abbeville 80
29%
19 706 Albertville 73
29%
20 233 Beaune 21
29%
31 568 Cambrai 59
29%
8 673 Chamonix-Mont-Blanc 74
29%
40 789 Draguignan 83
29%
24 586 Fontenay-aux-Roses 92
29%
13 806 Fontenay-le-Comte 85
29%
13 640 Fontenay-le-Fleury 78
29%
52 646 Fontenay-sous-Bois 94
29%
5 887 Fontenay-Trésigny 77
29%
12 814 Guéret 23
29%
5 861 Le Palais-sur-Vienne 87
29%
13 708 Lons 64
29%
16 942 Lons-le-Saunier 39
29%
60 954 Pantin 93
29%
19 322 Royan 17
29%
27 275 Sens 89
29%
28 667 Soissons 02
29%
25 254 Vierzon 18
29%
27 314 Blagnac 31
28%
6 294 Châtel-Guyon 63
28%
20 632 Concarneau 29
28%
81 945 Courbevoie 92
28%
20 602 Fougères 35
28%
24 470 Kourou 973
28%
20 525 Lannion 22
28%
62 905 La Seyne-sur-Mer 83
28%
24 668 Libourne 33
28%
8 552 Privas 07
28%
22 811 Saint-Dizier 52
28%
26 074 Saumur 49
28%
51 640 Sevran 93
28%
78 367 Champigny-sur-Marne 94
27%
7 737 Corte 2B
27%
11 444 La Hague 50
27%
14 855 Pointe-à-Pitre 971
27%
40 792 Poissy 78
27%
6 113 Saint-Cyr-au-Mont-d'Or 69
27%
20 451 Saint-Cyr-l'École 78
27%
16 766 Saint-Cyr-sur-Loire 37
27%
11 668 Saint-Cyr-sur-Mer 83
27%
42 288 Anglet 64
26%
12 754 Bayeux 14
26%
52 852 Cagnes-sur-Mer 06
26%
30 854 Carpentras 84
26%
6 706 Cassis 13
26%
56 882 Clamart 92
26%
10 407 Dinard 35
26%
10 098 Le Beausset 83
26%
33 164 Marignane 13
26%
46 273 Montrouge 92
26%
15 220 Morlaix 29
26%
7 995 Noyal-Châtillon-sur-Seiche 35
26%
22 378 Oyonnax 01
26%
36 067 Palaiseau 91
26%
10 100 Saint-Max 54
26%
44 553 Salon-de-Provence 13
26%
31 112 Viry-Châtillon 91
26%
10 225 Avranches 50
25%
25 342 Béthune 62
25%
18 999 Brie-Comte-Robert 77
25%
18 095 Bry-sur-Marne 94
25%
18 466 Cognac 16
25%
53 712 Corbeil-Essonnes 91
25%
26 601 Étampes 91
25%
20 440 La Celle-Saint-Cloud 78
25%
37 599 La Ciotat 13
25%
47 086 La Courneuve 93
25%
40 198 Le Cannet 06
25%
19 540 Lisieux 14
25%
14 819 Montargis 45
25%
44 198 Puteaux 92
25%
27 145 Rambouillet 78
25%
7 768 Saint-Julien-de-Concelles 44
25%
15 925 Saint-Julien-en-Genevois 74
25%
6 752 Saint-Julien-les-Villas 10
25%
8 272 Vern-sur-Seiche 35
25%
10 779 Argelès-sur-Mer 66
24%
9 419 Basse-Terre 971
24%
42 850 Bron 69
24%
36 708 Échirolles 38
24%
50 874 Gennevilliers 92
24%
28 879 Maubeuge 59
24%
46 722 Meudon 92
24%
26 654 Papeete 987
24%
29 859 Saint-Cloud 92
24%
19 324 Saint-Dié-des-Vosges 88
24%
24 415 Sainte-Anne 971
24%
50 561 Saint-Herblain 44
24%
49 193 Saint-Priest 69
24%
6 318 Saint-Priest-en-Jarez 42
24%
34 276 Trappes 78
24%
52 448 Vaulx-en-Velin 69
24%
36 451 Athis-Mons 91
23%
8 027 Billy-Montigny 62
23%
6 915 Castelnau-d'Estrétefonds 31
23%
25 404 Castelnau-le-Lez 34
23%
23 784 Dole 39
23%
36 070 Haguenau 67
23%
25 764 Hénin-Beaumont 62
23%
38 432 Joué-lès-Tours 37
23%
12 854 Mayenne 53
23%
9 667 Montigny-en-Gohelle 62
23%
32 150 Montigny-le-Bretonneux 78
23%
22 390 Montigny-lès-Cormeilles 95
23%
21 869 Montigny-lès-Metz 57
23%
17 928 Pontarlier 25
23%
5 093 Saint-Georges-de-Didonne 17
23%
5 707 Saint-Georges-d'Orques 34
23%
45 569 Alfortville 94
22%
43 647 Bagneux 92
22%
10 740 Chantilly 60
22%
36 224 Châtillon 92
22%
5 154 Châtillon-sur-Chalaronne 01
22%
5 404 Châtillon-sur-Seine 21
22%
54 372 Chelles 77
22%
46 122 Choisy-le-Roi 94
22%
22 022 Épernay 51
22%
21 664 Fleury-les-Aubrais 45
22%
13 816 Fleury-Mérogis 91
22%
5 622 Fleury-sur-Orne 14
22%
26 500 Grigny 91
22%
9 941 Grigny-sur-Rhône 69
22%
18 074 Hendaye 64
22%
6 751 Honfleur 14
22%
51 760 Les Abymes 971
22%
57 422 Maisons-Alfort 94
22%
12 444 Quimperlé 29
22%
43 349 Rezé 44
22%
37 585 Saint-Benoît 974
22%
7 306 Saint-Benoît 86
22%
51 570 Sartrouville 78
22%
41 776 Bagnolet 93
21%
29 376 Bois-Colombes 92
21%
29 816 Bourgoin-Jallieu 38
21%
21 111 Forbach 57
21%
10 492 La Chapelle-Saint-Mesmin 45
21%
16 733 Le Pré-Saint-Gervais 93
21%
23 262 Les Lilas 93
21%
14 547 Pontivy 56
21%
18 382 Pornic 44
21%
45 947 Rosny-sous-Bois 93
21%
7 041 Rosny-sur-Seine 78
21%
13 593 Saint-Jacques-de-la-Lande 35
21%
48 932 Suresnes 92
21%
22 939 Torcy 77
21%
28 507 Vanves 92
21%
29 238 Villiers-le-Bel 95
21%
32 547 Villiers-sur-Marne 94
21%
30 968 Bègles 33
20%
15 068 Château-Thierry 02
20%
31 105 Châtellerault 86
20%
40 916 Colomiers 31
20%
11 783 Épinay-sous-Sénart 91
20%
10 626 Épinay-sur-Orge 91
20%
53 564 Épinay-sur-Seine 93
20%
12 799 Granville 50
20%
8 782 La Chapelle-d'Armentières 59
20%
20 483 La Chapelle-sur-Erdre 44
20%
5 355 La Roque-d'Anthéron 13
20%
8 477 La Salvetat-Saint-Gilles 31
20%
17 592 Lattes 34
20%
15 052 Le Bourget 93
20%
5 077 Le Bourget-du-Lac 73
20%
20 536 Le Creusot 71
20%
23 678 Le Kremlin-Bicêtre 94
20%
11 124 Le Luc 83
20%
30 183 Malakoff 92
20%
25 653 Muret 31
20%
9 336 Redon 35
20%
33 139 Romans-sur-Isère 26
20%
14 394 Sainte-Maxime 83
20%
14 427 Saint-Gilles 30
20%
5 489 Saint-Gilles 35
20%
8 140 Saint-Gilles-Croix-de-Vie 85
20%
14 358 Saint-Omer 62
20%
6 476 Saint-Rémy 71
20%
9 547 Saint-Rémy-de-Provence 13
20%
7 747 Saint-Rémy-lès-Chevreuse 78
20%
20 324 Sarreguemines 57
20%
15 238 Senlis 60
20%
45 869 Talence 33
20%
17 961 Fécamp 76
19%
20 784 Joinville-le-Pont 94
19%
16 613 La Baule-Escoublac 44
19%
31 338 L'Haÿ-les-Roses 94
19%
6 054 Luc-la-Primaube 12
19%
11 824 Provins 77
19%
18 680 Riom 63
19%
12 194 Sablé-sur-Sarthe 72
19%
14 411 Saint-Maurice 94
19%
6 722 Saint-Maurice-l'Exil 38
19%
22 782 Sèvres 92
19%
18 892 Vitré 35
19%
36 612 Vitrolles 13
19%
21 868 Arcueil 94
18%
12 967 Berck 62
18%
30 526 Cachan 94
18%
28 756 Charenton-le-Pont 94
18%
29 298 Fresnes 94
18%
7 473 Fresnes-sur-Escaut 59
18%
15 081 La Flèche 72
18%
25 954 Le Grand-Quevilly 76
18%
21 935 Le Petit-Quevilly 76
18%
28 893 Le Plessis-Robinson 92
18%
26 380 Lunel 34
18%
17 920 Lunéville 54
18%
16 512 Pamiers 09
18%
31 971 Plaisir 78
18%
5 669 Rungis 94
18%
10 432 Saint-Claude 971
18%
8 556 Saint-Claude 39
18%
13 249 Saint-François 971
18%
21 223 Saint-Mandé 94
18%
5 508 Saint-Sébastien-de-Morsent 27
18%
28 373 Saint-Sébastien-sur-Loire 44
18%
8 786 Sarlat-la-Canéda 24
18%
30 630 Savigny-le-Temple 77
18%
37 775 Savigny-sur-Orge 91
18%
19 523 Sélestat 67
18%
11 686 Thiers 63
18%
38 210 Tremblay-en-France 93
18%
39 647 Villepinte 93
18%
17 411 Vire Normandie 14
18%
10 297 Apt 84
17%
15 412 Biscarrosse 40
17%
26 658 Brétigny-sur-Orge 91
17%
25 890 Cavaillon 84
17%
12 898 Châteaudun 28
17%
18 364 Châteauneuf-les-Martigues 13
17%
8 470 Châteauneuf-sur-Loire 45
17%
8 121 Chinon 37
17%
9 757 Figeac 46
17%
15 694 Fos-sur-Mer 13
17%
42 388 Garges-lès-Gonesse 95
17%
20 943 Givors 69
17%
15 078 Issoire 63
17%
10 953 Issoudun 36
17%
18 978 Juvisy-sur-Orge 91
17%
29 828 La Garenne-Colombes 92
17%
27 141 La Teste-de-Buch 33
17%
8 333 Le Plessis-Bouchard 95
17%
21 096 Le Plessis-Trévise 94
17%
22 807 Manosque 04
17%
39 943 Marcq-en-Barœul 59
17%
17 361 Marmande 47
17%
35 314 Romainville 93
17%
9 690 Saint-Amand-Montrond 18
17%
35 597 Saint-Leu 974
17%
16 047 Saint-Leu-la-Forêt 95
17%
8 051 Saint-Vincent-de-Tyrosse 40
17%
40 600 Stains 93
17%
22 481 Vélizy-Villacoublay 78
17%
24 841 Vernon 27
17%
26 107 Armentières 59
16%
12 212 Castelnaudary 11
16%
12 231 Châteaubriant 44
16%
14 188 Douarnenez 29
16%
6 541 Eu 76
16%
40 790 Gagny 93
16%
16 684 Guérande 44
16%
22 473 Hérouville-Saint-Clair 14
16%
33 617 Houilles 78
16%
21 368 Mons-en-Barœul 59
16%
38 941 Pontault-Combault 77
16%
16 042 Saint-Amand-les-Eaux 59
16%
35 714 Sainte-Geneviève-des-Bois 91
16%
11 869 Saint-Gaudens 31
16%
38 992 Saint-Joseph 974
16%
16 470 Saint-Joseph 972
16%
20 740 Sceaux 92
16%
27 593 Sucy-en-Brie 94
16%
15 566 Vendôme 41
16%
5 248 Villers-le-Lac 25
16%
14 938 Villers-lès-Nancy 54
16%
28 349 Yerres 91
16%
13 494 Argentan 61
15%
13 144 Autun 71
15%
19 860 Bressuire 79
15%
43 479 Caluire-et-Cuire 69
15%
30 054 Chatou 78
15%
36 306 Conflans-Sainte-Honorine 78
15%
9 786 Cosne-Cours-sur-Loire 58
15%
15 696 Coulommiers 77
15%
8 372 Coutances 50
15%
23 788 Frontignan 34
15%
22 578 Gif-sur-Yvette 91
15%
16 327 Landerneau 29
15%
7 683 Langres 52
15%
8 513 Le Grau-du-Roi 30
15%
14 778 Le Raincy 93
15%
34 151 Les Mureaux 78
15%
36 437 Meyzieu 69
15%
28 257 Montfermeil 93
15%
8 031 Monts 37
15%
10 852 Passy 74
15%
8 981 Pithiviers 45
15%
18 377 Romorantin-Lanthenay 41
15%
35 586 Saint-Chamond 42
15%
6 390 Saint-Flour 15
15%
34 382 Schiltigheim 67
15%
7 776 Sisteron 04
15%
9 174 Ussel 19
15%
8 360 Uzès 30
15%
40 881 Wattrelos 59
15%
17 222 Annonay 07
14%
12 488 Aubenas 07
14%
17 335 Boissy-Saint-Léger 94
14%
17 846 Brignoles 83
14%
20 382 Bruges 33
14%
20 535 Carquefou 44
14%
11 141 Cesson 77
14%
18 076 Cesson-Sévigné 35
14%
22 890 Challans 85
14%
20 198 Chaville 92
14%
20 956 Croix 59
14%
29 905 Décines-Charpieu 69
14%
13 455 Gex 01
14%
26 959 Gonesse 95
14%
30 952 Goussainville 95
14%
27 339 Illkirch-Graffenstaden 67
14%
23 188 Lanester 56
14%
39 346 Le Lamentin 972
14%
16 589 Les Herbiers 85
14%
25 633 Les Ulis 91
14%
30 113 Liévin 62
14%
21 201 Mandelieu-la-Napoule 06
14%
11 980 Marly 59
14%
9 937 Marly 57
14%
5 852 Marly-la-Ville 95
14%
16 619 Marly-le-Roi 78
14%
30 283 Ris-Orangis 91
14%
14 584 Saint-Genis-Pouilly 01
14%
12 274 Sarrebourg 57
14%
36 843 Six-Fours-les-Plages 83
14%
8 327 Talmont-Saint-Hilaire 85
14%
32 006 Thiais 94
14%
29 724 Tournefeuille 31
14%
29 697 Vandœuvre-lès-Nancy 54
14%
5 625 Viry 74
14%
13 132 Amboise 37
13%
14 417 Auray 56
13%
7 060 Bagnères-de-Bigorre 65
13%
10 787 Beaumont 63
13%
9 931 Beaumont-sur-Oise 95
13%
34 314 Bezons 95
13%
7 986 Boussy-Saint-Antoine 91
13%
26 661 Champs-sur-Marne 77
13%
16 539 Château-Gontier-sur-Mayenne 53
13%
35 490 Châtenay-Malabry 92
13%
38 024 Franconville 95
13%
18 883 Gentilly 94
13%
29 758 Guyancourt 78
13%
11 622 La Trinité 972
13%
10 485 La Trinité 06
13%
12 863 Les Ponts-de-Cé 49
13%
25 891 Miramas 13
13%
16 098 Montbrison 42
13%
13 118 Nemours 77
13%
9 261 Ouistreham 14
13%
37 928 Oullins-Pierre-Bénite 69
13%
10 562 Saint-Barthélemy 977
13%
9 496 Saint-Barthélemy-d'Anjou 49
13%
21 893 Sainte-Foy-lès-Lyon 69
13%
12 923 Saint-Hilaire-de-Riez 85
13%
5 735 Saint-Hilaire-du-Harcouët 50
13%
15 579 Saint-Just-Saint-Rambert 42
13%
6 211 Saint-Marcel 71
13%
6 214 Saint-Marcel-lès-Valence 26
13%
7 363 Saint-Nicolas-de-Port 54
13%
29 039 Sotteville-lès-Rouen 76
13%
22 819 Tassin-la-Demi-Lune 69
13%
29 973 Villemomble 93
13%
21 604 Voiron 38
13%
15 554 Ambérieu-en-Bugey 01
12%
5 017 Blaye 33
12%
7 326 Carhaix-Plouguer 29
12%
5 717 Carry-le-Rouet 13
12%
14 335 Castelsarrasin 82
12%
6 454 Condom 32
12%
29 189 Ermont 95
12%
29 826 Faaa 987
12%
14 308 Flers 61
12%
5 533 Flers-en-Escrebieux 59
12%
17 705 Garches 92
12%
13 431 Gien 45
12%
5 389 Lacanau 33
12%
7 317 La Ferté-Saint-Aubin 45
12%
21 433 Lagny-sur-Marne 77
12%
8 508 La Grande-Motte 34
12%
59 912 Le Blanc-Mesnil 93
12%
8 526 Le Marin 972
12%
10 339 Limoux 11
12%
6 233 Loches 37
12%
15 492 Longwy 54
12%
22 948 Loos 59
12%
6 850 Loos-en-Gohelle 62
12%
22 855 Maisons-Laffitte 78
12%
7 449 Mimizan 40
12%
20 393 Mitry-Mory 77
12%
16 946 Montceau-les-Mines 71
12%
22 988 Olivet 45
12%
28 341 Orvault 44
12%
7 266 Paimpol 22
12%
6 007 Palavas-les-Flots 34
12%
10 121 Parthenay 79
12%
13 431 Plougastel-Daoulas 29
12%
12 530 Pornichet 44
12%
6 166 Prades 66
12%
6 207 Prades-le-Lez 34
12%
12 419 Roquebrune-Cap-Martin 06
12%
15 006 Roquebrune-sur-Argens 83
12%
21 329 Saint-Genis-Laval 69
12%
5 370 Saint-Genis-les-Ollières 69
12%
5 940 Saint-Just-en-Chaussée 60
12%
32 749 Saint-Médard-en-Jalles 33
12%
15 525 Tarascon 13
12%
11 302 Tournon-sur-Rhône 07
12%
42 185 Villenave-d'Ornon 33
12%
21 404 Allauch 13
11%
11 503 Arpajon 91
11%
6 363 Arpajon-sur-Cère 15
11%
6 346 Avallon 89
11%
8 263 Bandol 83
11%
13 767 Belleville-en-Beaujolais 69
11%
13 941 Berre-l'Étang 13
11%
13 320 Bonneville 74
11%
6 523 Brioude 43
11%
13 005 Canet-en-Roussillon 66
11%
26 784 Cenon 33
11%
7 544 Céret 66
11%
5 106 Châteaulin 29
11%
25 934 Eaubonne 95
11%
18 019 Écully 69
11%
26 348 Élancourt 78
11%
21 534 Gardanne 13
11%
7 685 Gérardmer 88
11%
26 186 Gradignan 33
11%
21 785 Hazebrouck 59
11%
7 985 Jouy-en-Josas 78
11%
17 411 Jouy-le-Moutier 95
11%
16 911 Lamballe-Armor 22
11%
6 340 Le Mesnil-le-Roi 78
11%
34 654 Le Perreux-sur-Marne 94
11%
9 823 Le Rheu 35
11%
46 507 Livry-Gargan 93
11%
20 470 Longjumeau 91
11%
21 677 Montmorency 95
11%
5 465 Neuville-de-Poitou 86
11%
10 125 Neuville-en-Ferrain 59
11%
7 807 Neuville-sur-Saône 69
11%
16 655 Orsay 91
11%
14 383 Pont-à-Mousson 54
11%
27 037 Remire-Montjoly 973
11%
7 435 Rethel 08
11%
31 479 Rillieux-la-Pape 69
11%
7 764 Saint-Aubin-de-Médoc 33
11%
8 429 Saint-Aubin-lès-Elbeuf 76
11%
7 405 Saint-Didier-au-Mont-d'Or 69
11%
5 678 Saint-Gervais-les-Bains 74
11%
6 129 Saint-Girons 09
11%
17 938 Sanary-sur-Mer 83
11%
17 617 Segré-en-Anjou Bleu 49
11%
28 579 Vallauris 06
11%
7 262 Verneuil d'Avre et d'Iton 27
11%
16 112 Verneuil-sur-Seine 78
11%
26 794 Villeparisis 77
11%
12 432 Villetaneuse 93
11%
20 674 Wasquehal 59
11%
7 380 Yssingeaux 43
11%
8 707 Aigues-Mortes 30
10%
6 556 Ambert 63
10%
10 853 Amnéville 57
10%
11 346 Ancenis-Saint-Géréon 44
10%
15 695 Beaucaire 30
10%
9 270 Belley 01
10%
9 801 Bernay 27
10%
10 102 Borgo 2B
10%
19 667 Bruz 35
10%
5 554 Cancale 35
10%
6 124 Champagne-au-Mont-d'Or 69
10%
5 022 Champagne-sur-Oise 95
10%
6 491 Champagne-sur-Seine 77
10%
7 242 Chessy 77
10%
19 813 Chevilly-Larue 94
10%
17 366 Cluses 74
10%
20 020 Cournon-d'Auvergne 63
10%
23 252 Dammarie-les-Lys 77
10%
20 622 Denain 59
10%
29 824 Draveil 91
10%
6 387 Embrun 05
10%
11 594 Enghien-les-Bains 95
10%
7 744 Falaise 14
10%
17 128 Firminy 42
10%
5 142 Forcalquier 04
10%
6 308 Furiani 2B
10%
5 649 Gan 64
10%
12 395 Gisors 27
10%
20 347 Grande-Synthe 59
10%
22 643 Gujan-Mestras 33
10%
31 818 Herblay-sur-Seine 95
10%
5 546 Ille-sur-Têt 66
10%
26 316 La Garde 83
10%
7 523 Langon 33
10%
36 390 La Possession 974
10%
8 123 La Tour-du-Pin 38
10%
31 064 Le Chesnay-Rocquencourt 78
10%
5 862 Lesparre-Médoc 33
10%
5 701 Lèves 28
10%
7 202 Lodève 34
10%
6 483 Louhans 71
10%
7 912 Lure 70
10%
5 755 Magny-en-Vexin 95
10%
9 058 Magny-le-Hongre 77
10%
9 353 Magny-les-Hameaux 78
10%
9 328 Molsheim 67
10%
20 754 Montaigu-Vendée 85
10%
6 813 Neufchâteau 88
10%
21 914 Neuilly-Plaisance 93
10%
6 794 Nyons 26
10%
7 139 Péronne 80
10%
10 021 Ploërmel 56
10%
5 784 Roquefort-la-Bédoule 13
10%
7 284 Roquefort-les-Pins 06
10%
11 995 Saint-Cyprien 66
10%
24 855 Sainte-Suzanne 974
10%
19 549 Saint-Fons 69
10%
17 691 Saint-Maximin-la-Sainte-Baume 83
10%
17 041 Sallanches 74
10%
11 323 Saverne 67
10%
26 048 Vertou 44
10%
21 663 Achères 78
9%
5 860 Aixe-sur-Vienne 87
9%
5 575 Altkirch 68
9%
5 148 Aÿ-Champagne 51
9%
18 124 Bagnols-sur-Cèze 30
9%
17 431 Balma 31
9%
25 792 Brunoy 91
9%
9 218 Capbreton 40
9%
22 712 Combs-la-Ville 77
9%
5 332 Commercy 55
9%
20 833 Coudekerque-Branche 59
9%
11 068 Dourdan 91
9%
11 723 Dugny 93
9%
15 774 Elbeuf 76
9%
16 080 Gaillac 81
9%
11 054 Gaillard 74
9%
9 055 Joigny 89
9%
22 161 La Madeleine 59
9%
9 197 Landivisiau 29
9%
23 660 La Valette-du-Var 83
9%
9 267 Le Crès 34
9%
6 431 Le Lavandou 83
9%
19 527 Le Mée-sur-Seine 77
9%
21 490 Le Robert 972
9%
7 822 Les Andelys 27
9%
24 872 Les Pavillons-sous-Bois 93
9%
22 423 Les Pennes-Mirabeau 13
9%
8 887 Le Thor 84
9%
15 712 Le Vésinet 78
9%
27 806 Limeil-Brévannes 94
9%
20 315 L'Isle-sur-la-Sorgue 84
9%
24 654 Lormont 33
9%
5 757 Maré 988
9%
8 047 Marseillan 34
9%
6 065 Mortagne-sur-Sèvre 85
9%
19 481 Mougins 06
9%
15 927 Noisiel 77
9%
12 810 Noyon 60
9%
10 836 Orthez 64
9%
20 969 Ozoir-la-Ferrière 77
9%
7 260 Perros-Guirec 22
9%
19 764 Pertuis 84
9%
6 599 Rives 38
9%
7 924 Saint-Affrique 12
9%
21 297 Saint-Gratien 95
9%
5 093 Saint-Philippe 974
9%
6 841 Saint-Pol-de-Léon 35
9%
7 769 Thann 68
9%
13 949 Thouars 79
9%
11 378 Vaux-le-Pénil 77
9%
5 143 Vaux-sur-Seine 78
9%
19 856 Vence 06
9%
14 394 Woippy 57
9%
8 347 Ballan-Miré 37
8%
18 340 Bonneuil-sur-Marne 94
8%
8 361 Bormes-les-Mimosas 83
8%
20 590 Bouguenais 44
8%
21 997 Bruay-la-Buissière 62
8%
11 584 Bruay-sur-l'Escaut 59
8%
19 951 Carrières-sous-Poissy 78
8%
15 002 Carrières-sur-Seine 78
8%
16 668 Châteaurenard 13
8%
10 895 Chevigny-Saint-Sauveur 21
8%
19 981 Chilly-Mazarin 91
8%
12 381 Claye-Souilly 77
8%
27 086 Cormeilles-en-Parisis 95
8%
23 541 Couëron 44
8%
7 410 Crozon 29
8%
35 873 Dumbéa 988
8%
17 831 Dzaoudzi 976
8%
15 664 Francheville 69
8%
5 834 Gournay-en-Bray 76
8%
7 101 Gournay-sur-Marne 93
8%
11 451 Gravelines 59
8%
6 547 Gueugnon 71
8%
8 296 Harfleur 76
8%
15 831 Hennebont 56
8%
32 156 Koungou 976
8%
27 105 Lambersart 59
8%
24 262 Le Bouscat 33
8%
27 205 Le Gosier 971
8%
8 682 L'Île-Saint-Denis 93
8%
20 683 Lingolsheim 67
8%
18 347 Louviers 27
8%
9 450 Luçon 85
8%
5 080 Mamers 72
8%
21 840 Montereau-Fault-Yonne 77
8%
23 890 Montgeron 91
8%
7 004 Notre-Dame-de-Bondeville 76
8%
9 256 Paray-le-Monial 71
8%
7 956 Paray-Vieille-Poste 91
8%
11 174 Pia 66
8%
8 403 Pont-l'Abbé 29
8%
16 082 Rumilly 74
8%
14 645 Saint-Brevin-les-Pins 44
8%
6 416 Saint-Florent-sur-Cher 18
8%
9 992 Saint-Grégoire 35
8%
19 342 Schœlcher 972
8%
19 030 Sorgues 84
8%
27 065 Taverny 95
8%
8 506 Vaucresson 92
8%
6 633 Vigneux-de-Bretagne 44
8%
31 233 Vigneux-sur-Seine 91
8%
10 871 Ville-d'Avray 92
8%
11 548 Yvetot 76
8%
10 312 Andrézieux-Bouthéon 42
7%
17 571 Avion 62
7%
30 943 Baie-Mahault 971
7%
7 704 Bain-de-Bretagne 35
7%
23 887 Beaupréau-en-Mauges 49
7%
7 674 Bidart 64
7%
13 871 Bollène 84
7%
9 481 Bures-sur-Yvette 91
7%
10 220 Carentan-les-Marais 50
7%
17 591 Chamalières 63
7%
9 909 Chambly 60
7%
21 550 Chemillé-en-Anjou 49
7%
18 295 Chennevières-sur-Marne 94
7%
7 459 Clisson 44
7%
14 243 Crépy-en-Valois 60
7%
11 508 Dammartin-en-Goële 77
7%
22 903 Deuil-la-Barre 95
7%
24 436 Eysines 33
7%
17 939 Floirac 33
7%
6 356 Givet 08
7%
5 068 Gruissan 11
7%
15 401 Guipavas 29
7%
6 528 Héric 44
7%
7 915 Isle 87
7%
19 416 La Crau 83
7%
12 167 La Motte-Servolex 73
7%
6 618 La Penne-sur-Huveaune 13
7%
6 142 La Verrière 78
7%
22 924 Le Moule 971
7%
15 858 Le Pecq 78
7%
17 096 L'Isle-d'Abeau 38
7%
14 678 Lognes 77
7%
9 875 Loudéac 22
7%
10 123 Mazamet 81
7%
13 652 Moissac 82
7%
5 978 Montdidier 80
7%
27 620 Mont-Dore 988
7%
5 867 Montmorillon 86
7%
20 188 Mont-Saint-Aignan 76
7%
21 161 Morsang-sur-Orge 91
7%
6 905 Morteau 25
7%
6 250 Noyal-sur-Vilaine 35
7%
12 303 Obernai 67
7%
14 320 Ollioules 83
7%
20 471 Plaisance-du-Touch 31
7%
11 504 Plan-de-Cuques 13
7%
18 873 Ploemeur 56
7%
5 116 Pont-l'Évêque 14
7%
15 172 Ramonville-Saint-Agne 31
7%
14 751 Romilly-sur-Seine 10
7%
12 173 Saint-Avé 56
7%
9 275 Sainte-Luce 972
7%
16 227 Sainte-Luce-sur-Loire 44
7%
17 494 Sainte-Rose 971
7%
6 450 Sainte-Rose 974
7%
11 382 Saint-Junien 87
7%
7 705 Saint-Marcellin 38
7%
5 088 Saint-Marcellin-en-Forez 42
7%
9 674 Saint-Sulpice-la-Pointe 81
7%
16 866 Saran 45
7%
9 068 Sarzeau 56
7%
25 764 Sèvremoine 49
7%
5 920 Vaison-la-Romaine 84
7%
14 453 Valenton 94
7%
9 166 Varennes-Vauzelles 58
7%
19 018 Villefontaine 38
7%
16 943 Viroflay 78
7%
7 541 Wissembourg 67
7%
6 924 Wissous 91
7%
12 614 Andernos-les-Bains 33
6%
14 009 Audincourt 25
6%
12 430 Beausoleil 06
6%
7 929 Bellegarde 30
6%
7 638 Biguglia 2B
6%
10 352 Blain 44
6%
16 225 Bois-d'Arcy 78
6%
9 083 Bougival 78
6%
5 868 Buc 78
6%
14 299 Chenôve 21
6%
6 018 Condé-en-Normandie 14
6%
9 297 Condé-sur-l'Escaut 59
6%
5 025 Decazeville 12
6%
11 227 Doué-en-Anjou 49
6%
8 370 Feurs 42
6%
9 727 Feyzin 69
6%
11 528 Fourmies 59
6%
6 713 Gignac 34
6%
10 030 Gignac-la-Nerthe 13
6%
20 684 Halluin 59
6%
16 013 Hayange 57
6%
18 579 Hem 59
6%
10 525 Héricourt 70
6%
11 868 Ifs 14
6%
10 571 Igny 91
6%
7 771 L'Aigle 61
6%
18 437 Lamentin 971
6%
5 810 Lannemezan 65
6%
12 074 La Queue-en-Brie 94
6%
10 349 La Riche 37
6%
17 985 Le Pontet 84
6%
10 855 Lézignan-Corbières 11
6%
12 302 L'Isle-Adam 95
6%
6 583 Longué-Jumelles 49
6%
12 226 Louvres 95
6%
15 658 Lucé 28
6%
35 551 Matoury 973
6%
14 091 Méru 60
6%
18 498 Moissy-Cramayel 77
6%
6 767 Montfort-sur-Meu 35
6%
6 937 Nérac 47
6%
10 589 Ormesson-sur-Marne 94
6%
11 815 Pacé 35
6%
7 789 Pézenas 34
6%
9 950 Pont-Audemer 27
6%
10 759 Pont-Saint-Esprit 30
6%
7 500 Remiremont 88
6%
15 457 Rive-de-Gier 42
6%
9 151 Rivesaltes 66
6%
6 447 Saint-Alban 31
6%
6 589 Saint-Alban-Leysse 73
6%
14 828 Saint-Avold 57
6%
15 209 Saint-Brice-sous-Forêt 95
6%
26 772 Sannois 95
6%
7 457 Sucé-sur-Erdre 44
6%
10 881 Tarare 69
6%
6 356 Thoiry 01
6%
8 324 Tournan-en-Brie 77
6%
12 939 Val-de-Reuil 27
6%
9 285 Valréas 84
6%
7 743 Vaujours 93
6%
7 705 Villars 42
6%
5 059 Villars-les-Dombes 01
6%
10 353 Villebon-sur-Yvette 91
6%
12 670 Yzeure 03
6%
6 029 Ablon-sur-Seine 94
5%
6 215 Aire-sur-l'Adour 40
5%
9 568 Aire-sur-la-Lys 62
5%
17 298 Ambarès-et-Lagrave 33
5%
8 139 Anse 69
5%
14 898 Arnouville 95
5%
12 540 Aubergenville 78
5%
6 354 Auneau-Bleury-Saint-Symphorien 28
5%
13 526 Avon 77
5%
15 225 Avrillé 49
5%
14 734 Bailleul 59
5%
7 086 Barr 67
5%
6 893 Beaufort-en-Anjou 49
5%
12 775 Betton 35
5%
10 196 Biot 06
5%
16 786 Blanquefort 33
5%
14 497 Bois-Guillaume 76
5%
11 618 Bolbec 76
5%
10 833 Bondoufle 91
5%
10 758 Bora-Bora 987
5%
15 367 Bouc-Bel-Air 13
5%
12 330 Brignais 69
5%
5 094 Brou-sur-Chantereine 77
5%
8 342 Carbon-Blanc 33
5%
9 412 Carqueiranne 83
5%
17 966 Carvin 62
5%
15 264 Castanet-Tolosan 31
5%
7 895 Cavalaire-sur-Mer 83
5%
16 757 Cestas 33
5%
5 826 Chambourcy 78
5%
11 877 Chambray-lès-Tours 37
5%
10 793 Chanteloup-les-Vignes 78
5%
10 378 Chantepie 35
5%
7 523 Châteaubourg 35
5%
10 688 Châteaugiron 35
5%
5 531 Chevreuse 78
5%
12 076 Cogolin 83
5%
5 156 Coubron 93
5%
8 015 Courcelles-lès-Lens 62
5%
12 170 Craponne 69
5%
10 580 Croissy-sur-Seine 78
5%
20 239 Cugnaux 31
5%
13 329 Cusset 03
5%
8 980 Dardilly 69
5%
5 677 Delle 90
5%
5 129 Dives-sur-Mer 14
5%
7 536 Émerainville 77
5%
18 723 Éragny 95
5%
10 693 Étaples 62
5%
11 530 Ferney-Voltaire 01
5%
11 891 Florange 57
5%
7 005 Fontaines-sur-Saône 69
5%
10 204 Fouesnant 29
5%
13 275 Graulhet 81
5%
8 682 Gretz-Armainvilliers 77
5%
11 090 Guebwiller 68
5%
7 597 Jaunay-Marigny 86
5%
8 143 La Colle-sur-Loup 06
5%
6 523 La Montagne 44
5%
6 920 La Plaine-des-Palmistes 974
5%
15 126 Laxou 54
5%
6 203 Le Barcarès 66
5%
15 858 Le François 972
5%
8 051 Lège-Cap-Ferret 33
5%
5 343 Le Lion-d'Angers 49
5%
8 824 Le Portel 62
5%
7 844 Les Arcs 83
5%
14 096 Lieusaint 77
5%
9 499 L'Isle-Jourdain 32
5%
12 410 L'Union 31
5%
6 674 Luxeuil-les-Bains 70
5%
8 423 Maripasoula 973
5%
16 417 Mauguio 34
5%
6 100 Maule 78
5%
19 960 Maurepas 78
5%
5 790 Melle 79
5%
18 790 Meylan 38
5%
10 450 Miribel 01
5%
15 671 Montivilliers 76
5%
11 261 Montlouis-sur-Loire 37
5%
8 883 Nangis 77
5%
7 054 Nanteuil-lès-Meaux 77
5%
5 263 Nuits-Saint-Georges 21
5%
6 147 Octeville-sur-Mer 76
5%
17 471 Osny 95
5%
13 398 Outreau 62
5%
24 563 Païta 988
5%
8 802 Périgny 17
5%
14 348 Persan 95
5%
24 299 Petit-Bourg 971
5%
13 909 Pierrelatte 26
5%
14 527 Plérin 22
5%
6 781 Ploeren 56
5%
13 437 Plouzané 29
5%
16 138 Port-de-Bouc 13
5%
5 591 Port-Louis 971
5%
28 781 Punaauia 987
5%
9 491 Quincy-sous-Sénart 91
5%
5 506 Quincy-Voisins 77
5%
9 686 Revel 31
5%
19 436 Ronchin 59
5%
13 873 Roncq 59
5%
8 584 Roussillon 38
5%
5 854 Saint-Arnoult-en-Yvelines 78
5%
5 140 Saint-Clément-de-Rivière 34
5%
7 015 Sainte-Adresse 76
5%
11 673 Saint-Estève 66
5%
7 433 Saint-Maixent-l'École 79
5%
6 873 Saint-Yrieix-la-Perche 87
5%
7 556 Saint-Yrieix-sur-Charente 16
5%
13 011 Seclin 59
5%
18 068 Soisy-sous-Montmorency 95
5%
7 370 Soisy-sur-Seine 91
5%
5 142 Sully-sur-Loire 45
5%
5 702 Tournus 71
5%
15 620 Trélazé 49
5%
10 594 Urrugne 64
5%
13 791 Vaires-sur-Marne 77
5%
12 389 Valbonne 06
5%
6 896 Valognes 50
5%
16 162 Valserhône 01
5%
12 491 Vernouillet 28
5%
9 953 Vernouillet 78
5%
5 960 Vias 34
5%
11 650 Villecresnes 94
5%
15 756 Wattignies 59
5%
17 497 Yutz 57
5%
13 417 Anzin 59
4%
6 477 Arès 33
4%
7 129 Aubigny-Les Clouzeaux 85
4%
5 464 Aubigny-sur-Nère 18
4%
7 171 Auby 59
4%
7 125 Aulnoy-lez-Valenciennes 59
4%
12 986 Auriol 13
4%
6 820 Auvers-sur-Oise 95
4%
7 592 Auxonne 21
4%
9 759 Aytré 17
4%
7 136 Balaruc-les-Bains 34
4%
12 227 Barentin 76
4%
5 064 Baume-les-Dames 25
4%
11 303 Biganos 33
4%
5 076 Billy-Berclau 62
4%
18 289 Bischheim 67
4%
5 784 Boé 47
4%
6 120 Bons-en-Chablais 74
4%
5 815 Briec 29
4%
14 420 Canteleu 76
4%
9 927 Carmaux 81
4%
11 737 Cernay 68
4%
5 626 Challes-les-Eaux 73
4%
8 035 Champagnole 39
4%
6 803 Changé 72
4%
6 482 Changé 53
4%
6 484 Chasse-sur-Rhône 38
4%
11 214 Chassieu 69
4%
6 440 Châtelaillon-Plage 17
4%
6 324 Combourg 35
4%
12 649 Comines 59
4%
8 712 Crest 26
4%
12 841 Cuers 83
4%
7 380 Digoin 71
4%
10 300 Divonne-les-Bains 01
4%
5 123 Douvres-la-Délivrande 14
4%
5 509 Épernon 28
4%
5 511 Ernée 53
4%
6 237 Esbly 77
4%
18 310 Faches-Thumesnil 59
4%
5 684 Gannat 03
4%
13 446 Genas 69
4%
5 455 Gray 70
4%
9 203 Guichen 35
4%
12 236 Guidel 56
4%
7 243 Guipry-Messac 35
4%
9 300 Hagondange 57
4%
8 565 Hirson 02
4%
8 909 Irigny 69
4%
8 618 Janzé 35
4%
6 109 Jonage 69
4%
13 776 Juvignac 34
4%
7 759 La Couronne 16
4%
8 769 La Ferté-Bernard 72
4%
10 004 La Ferté-sous-Jouarre 77
4%
11 010 La Londe-les-Maures 83
4%
9 627 Lançon-Provence 13
4%
8 368 Larmor-Plage 56
4%
6 447 La Tronche 38
4%
10 884 Lavaur 81
4%
5 992 Le Castellet 83
4%
9 882 Le Muy 83
4%
10 582 Le Pradet 83
4%
9 540 Lescar 64
4%
16 940 Les Clayes-sous-Bois 78
4%
6 772 Les Essarts-le-Roi 78
4%
9 356 Lesquin 59
4%
8 812 Le Teil 07
4%
8 708 Lillebonne 76
4%
6 791 Loudun 86
4%
7 744 Louveciennes 78
4%
6 190 Mallemort 13
4%
18 514 Mauges-sur-Loire 49
4%
9 729 Merville 59
4%
6 640 Merville 31
4%
10 015 Méry-sur-Oise 95
4%
8 996 Meulan-en-Yvelines 78
4%
12 711 Mèze 34
4%
13 716 Mions 69
4%
10 286 Mondeville 14
4%
14 847 Montévrain 77
4%
9 238 Montlhéry 91
4%
14 632 Montmagny 95
4%
7 289 Montoir-de-Bretagne 44
4%
5 022 Muzillac 56
4%
11 384 Nœux-les-Mines 62
4%
9 448 Nort-sur-Erdre 44
4%
12 287 Oissel-sur-Seine 76
4%
12 062 Onet-le-Château 12
4%
8 390 Orchies 59
4%
7 092 Orgeval 78
4%
11 347 Ploufragan 22
4%
7 373 Pontcharra 38
4%
11 249 Pontchâteau 44
4%
12 343 Pont-Sainte-Maxence 60
4%
10 369 Portes-lès-Valence 26
4%
5 882 Port-la-Nouvelle 11
4%
8 510 Port-Saint-Louis-du-Rhône 13
4%
8 081 Questembert 56
4%
8 897 Quetigny 21
4%
6 011 Raon-l'Étape 88
4%
14 125 Rixheim 68
4%
12 335 Rognac 13
4%
5 748 Roye 80
4%
15 075 Saint-Avertin 37
4%
6 988 Saint-Bonnet-de-Mure 69
4%
17 930 Saint-Égrève 38
4%
15 117 Saint-Fargeau-Ponthierry 77
4%
6 064 Saint-Mandrier-sur-Mer 83
4%
14 229 Saint-Orens-de-Gameville 31
4%
8 454 Saint-Renan 35
4%
6 076 Saint-Symphorien-d'Ozon 69
4%
6 793 Saint-Thibault-des-Vignes 77
4%
9 465 Savenay 44
4%
12 018 Septèmes-les-Vallons 13
4%
9 988 Serris 77
4%
5 620 Sigean 11
4%
6 087 Solliès-Toucas 83
4%
10 057 Soyaux 16
4%
6 861 Surgères 17
4%
5 890 Tain-l'Hermitage 26
4%
11 986 Talant 21
4%
12 900 Tarnos 40
4%
13 261 Tergnier 02
4%
10 405 Thorigny-sur-Marne 77
4%
5 386 Trèbes 11
4%
6 062 Trith-Saint-Léger 59
4%
7 519 Trois-Rivières 971
4%
7 162 Ugine 73
4%
9 524 Vallet 44
4%
11 772 Vauvert 30
4%
7 946 Verrières-en-Anjou 49
4%
14 772 Verrières-le-Buisson 91
4%
6 441 Vezin-le-Coquet 35
4%
8 557 Vif 38
4%
7 445 Villard-Bonnot 38
4%
7 316 Vizille 38
4%
10 740 Voisins-le-Bretonneux 78
4%
9 845 Voreppe 38
4%
15 491 Wittenheim 68
4%
6 911 Acigné 35
3%
10 740 Allonnes 72
3%
13 432 Amilly 45
3%
13 663 Andrésy 78
3%
9 526 Arques 62
3%
5 820 Arradon 56
3%
10 291 Auterive 31
3%
9 617 Basse-Goulaine 44
3%
8 132 Bassens 33
3%
5 118 Bassens 73
3%
6 246 Baud 56
3%
11 747 Baugé-en-Anjou 49
3%
9 506 Beauchamp 95
3%
5 618 Beaucouzé 49
3%
7 811 Beaugency 45
3%
8 898 Bellerive-sur-Allier 03
3%
7 020 Binic-Étables-sur-Mer 22
3%
12 211 Bischwiller 67
3%
6 026 Bois-le-Roi 77
3%
10 628 Boulazac Isle Manoire 24
3%
13 131 Bras-Panon 974
3%
5 139 Bretignolles-sur-Mer 85
3%
10 369 Brumath 67
3%
12 172 Bully-les-Mines 62
3%
17 882 Capesterre-Belle-Eau 971
3%
13 729 Carros 06
3%
14 032 Caudry 59
3%
9 217 Chaponost 69
3%
11 456 Chauny 02
3%
7 037 Chauvigny 86
3%
5 957 Ciboure 64
3%
5 215 Cilaos 974
3%
11 196 Corbas 69
3%
6 080 Corbie 80
3%
6 454 Cormontreuil 51
3%
7 107 Courtry 77
3%
10 011 Couzeix 87
3%
8 463 Crolles 38
3%
9 606 Crosne 91
3%
5 025 Decize 58
3%
7 618 Déols 36
3%
16 075 Domont 95
3%
8 117 Donges 44
3%
10 112 Douchy-les-Mines 59
3%
17 837 Ducos 972
3%
7 173 Écouen 95
3%
6 778 Épône 78
3%
11 076 Erstein 67
3%
8 380 Évron 53
3%
14 759 Fameck 57
3%
6 024 Fayence 83
3%
6 174 Feytiat 87
3%
13 048 Fonsorbes 31
3%
10 249 Fosses 95
3%
10 268 Gerzat 63
3%
8 939 Gonfreville-l'Orcher 76
3%
8 934 Gouvieux 60
3%
5 859 Grand-Champ 56
3%
6 910 Grandchamp-des-Fontaines 44
3%
9 722 Grand-Couronne 76
3%
9 039 Grenade 31
3%
8 378 Groslay 95
3%
5 242 Guémené-Penfao 44
3%
14 922 Haubourdin 59
3%
5 992 Haute-Goulaine 44
3%
14 197 Hautmont 59
3%
7 178 Herbignac 44
3%
15 115 Illzach 68
3%
7 063 Jurançon 64
3%
13 265 Kingersheim 68
3%
6 678 La Bassée 59
3%
8 953 La Fare-les-Oliviers 13
3%
5 411 La Ferrière 85
3%
7 194 La Gaude 06
3%
6 554 La Mulatière 69
3%
7 947 Langueux 22
3%
5 396 Le Boulou 66
3%
6 846 Le Cateau-Cambrésis 59
3%
12 307 Le Chambon-Feugerolles 42
3%
9 555 Leers 59
3%
10 723 Léognan 33
3%
6 587 Le Péage-de-Roussillon 38
3%
6 515 Le Perray-en-Yvelines 78
3%
8 637 Le Poiré-sur-Vie 85
3%
10 846 Le Pont-de-Claix 38
3%
11 837 Le Relecq-Kerhuon 29
3%
8 694 Les Angles 30
3%
7 015 Lésigny 77
3%
7 471 Lesneven 29
3%
7 113 Les Trois-Bassins 974
3%
14 329 L'Étang-Salé 974
3%
8 987 Liffré 35
3%
17 584 Limay 78
3%
6 408 Limours 91
3%
7 310 Linas 91
3%
6 183 Livarot-Pays-d'Auge 14
3%
9 272 Livron-sur-Drôme 26
3%
5 160 Locmaria-Plouzané 29
3%
6 584 Loriol-sur-Drôme 26
3%
6 354 Lucciana 2B
3%
7 722 Lys-Haut-Layon 49
3%
13 987 Lys-lez-Lannoy 59
3%
7 665 Machecoul-Saint-Même 44
3%
18 807 Macouria 973
3%
6 389 Magnanville 78
3%
7 995 Malemort 19
3%
10 468 Marck 62
3%
8 597 Marcoussis 91
3%
6 148 Marennes-Hiers-Brouage 17
3%
5 688 Marolles-en-Hurepoix 91
3%
11 005 Maromme 76
3%
11 709 Marquette-lez-Lille 59
3%
8 585 Mauléon 79
3%
10 014 Maxéville 54
3%
6 394 Mehun-sur-Yèvre 18
3%
16 071 Mennecy 91
3%
11 651 Méricourt 62
3%
8 198 Meximieux 01
3%
6 878 Migennes 89
3%
11 756 Mios 33
3%
6 763 Moëlan-sur-Mer 29
3%
7 573 Moirans 38
3%
8 874 Monistrol-sur-Loire 43
3%
14 606 Montesson 78
3%
13 773 Morangis 91
3%
7 831 Mordelles 35
3%
15 839 Morne-à-l'Eau 971
3%
10 847 Mouans-Sartoux 06
3%
6 042 Oraison 04
3%
16 975 Orée d'Anjou 49
3%
11 207 Panazol 87
3%
5 320 Penmarch 29
3%
6 437 Péronnas 01
3%
8 738 Petit-Couronne 76
3%
12 920 Petite-Île 974
3%
8 633 Plabennec 29
3%
7 064 Pleurtuit 35
3%
6 440 Ploudalmézeau 29
3%
6 719 Plouguerneau 29
3%
5 813 Pointe-Noire 971
3%
9 798 Portet-sur-Garonne 31
3%
10 392 Port-Jérôme-sur-Seine 76
3%
8 473 Puget-sur-Argens 83
3%
8 906 Quéven 56
3%
5 795 Revin 08
3%
11 818 Rivière-Salée 972
3%
7 580 Rosporden 29
3%
9 650 Saint-Doulchard 18
3%
7 996 Saint-Jory 31
3%
5 435 Saint-Mars-du-Désert 44
3%
9 392 Saint-Philbert-de-Grand-Lieu 44
3%
7 588 Saint-Prix 95
3%
6 200 Saint-Pryvé-Saint-Mesmin 45
3%
6 947 Saint-Rambert-d'Albon 26
3%
5 211 Saint-Saturnin-lès-Avignon 84
3%
5 038 Saint-Sever 40
3%
8 508 Saint-Vallier 71
3%
7 333 Salazie 974
3%
8 128 Salles 33
3%
11 579 Sassenage 38
3%
7 314 Saujon 17
3%
8 534 Sautron 44
3%
9 265 Séné 56
3%
11 784 Seyssinet-Pariset 38
3%
8 087 Seyssins 38
3%
8 445 Soustons 40
3%
6 654 Thônes 74
3%
8 631 Thorigné-Fouillard 35
3%
10 956 Thouaré-sur-Loire 44
3%
10 662 Tinqueux 51
3%
7 375 Toulouges 66
3%
8 462 Trégueux 22
3%
7 319 Trélissac 24
3%
10 933 Trets 13
3%
8 234 Trignac 44
3%
7 906 Val de Briey 54
3%
8 596 Vendin-le-Vieil 62
3%
12 712 Vidauban 83
3%
5 654 Villabé 91
3%
11 568 Villepreux 78
3%
10 376 Villers-Cotterêts 02
3%
10 218 Aizenay 85
2%
5 565 Ambazac 87
2%
6 269 Ambilly 74
2%
10 887 Annœullin 59
2%
5 463 Arnage 72
2%
8 623 Artigues-près-Bordeaux 33
2%
10 273 Aubière 63
2%
9 578 Aucamville 31
2%
10 124 Auchel 62
2%
9 550 Audenge 33
2%
7 268 Audun-le-Tiche 57
2%
8 674 Aulnoye-Aymeries 59
2%
6 133 Aurec-sur-Loire 43
2%
8 033 Aureilhan 65
2%
7 731 Aussonne 31
2%
7 049 Bailly-Romainvilliers 77
2%
5 707 Bannalec 29
2%
5 007 Beaurepaire 38
2%
5 820 Bédarieux 34
2%
6 205 Belin-Béliet 33
2%
5 922 Benfeld 67
2%
8 299 Bihorel 76
2%
14 037 Billère 64
2%
5 991 Blainville-sur-Orne 14
2%
5 340 Bléré 37
2%
6 294 Bonchamp-lès-Laval 53
2%
9 666 Bondues 59
2%
5 077 Bonnières-sur-Seine 78
2%
8 281 Bouaye 44
2%
8 934 Boucau 64
2%
6 635 Bouchemaine 49
2%
6 381 Bouillante 971
2%
5 479 Boulay-Moselle 57
2%
6 430 Bréal-sous-Montfort 35
2%
5 012 Briare 45
2%
5 888 Bricquebec-en-Cotentin 50
2%
6 718 Brindas 69
2%
11 000 Brissac Loire Aubance 49
2%
10 253 Buxerolles 86
2%
10 414 Cabestany 66
2%
10 143 Cabriès 13
2%
6 715 Cambo-les-Bains 64
2%
5 650 Carbonne 31
2%
6 872 Carnoux-en-Provence 13
2%
7 110 Caudan 56
2%
10 414 Caudebec-lès-Elbeuf 76
2%
6 858 Caussade 82
2%
5 570 Cessy 01
2%
5 402 Chagny 71
2%
12 958 Châlette-sur-Loing 45
2%
6 541 Chalonnes-sur-Loire 49
2%
6 588 Champigneulles 54
2%
8 518 Chantonnay 85
2%
5 272 Charbonnières-les-Bains 69
2%
8 154 Charnay-lès-Mâcon 71
2%
5 095 Château-Arnoux-Saint-Auban 04
2%
7 173 Chauray 79
2%
7 840 Claix 38
2%
7 015 Colombelles 14
2%
6 018 Commentry 03
2%
5 208 Condat-sur-Vienne 87
2%
7 722 Contes 06
2%
8 049 Coulaines 72
2%
7 111 Courdimanche 95
2%
10 160 Courrières 62
2%
12 389 Creutzwald 57
2%
9 652 Darnétal 76
2%
15 848 Dembeni 976
2%
10 690 Déville-lès-Rouen 76
2%
7 158 Divatte-sur-Loire 44
2%
8 665 Domérat 03
2%
6 084 Dompierre-sur-Mer 17
2%
5 981 Donzère 26
2%
5 814 Doullens 80
2%
6 788 Douvaine 74
2%
5 300 Drap 06
2%
7 237 Eckbolsheim 67
2%
7 078 Égly 91
2%
8 349 Éguilles 13
2%
9 479 Elne 66
2%
6 543 Elven 56
2%
5 796 Ensuès-la-Redonne 13
2%
7 115 Entre-Deux 974
2%
8 642 Epagny Metz-Tessy 74
2%
8 576 Ergué-Gabéric 29
2%
5 847 Eschau 67
2%
8 733 Essey-lès-Nancy 54
2%
5 497 Étoile-sur-Rhône 26
2%
6 926 Étréchy 91
2%
10 095 Eybens 38
2%
9 789 Ézanville 95
2%
7 200 Fabrègues 34
2%
7 540 Faverges-Seythenex 74
2%
5 727 Fenouillet 31
2%
5 167 Ferrière-la-Grande 59
2%
5 884 Fismes 51
2%
6 130 Fleurance 32
2%
10 917 Fondettes 37
2%
13 069 Freyming-Merlebach 57
2%
6 664 Fronton 31
2%
10 235 Fuveau 13
2%
6 785 Gaillon 27
2%
7 848 Gargenville 78
2%
6 678 Gémenos 13
2%
5 125 Genlis 21
2%
8 452 Gennes-Val-de-Loire 49
2%
7 353 Gières 38
2%
8 827 Golbey 88
2%
5 884 Gond-Pontouvre 16
2%
5 090 Gorges 44
2%
6 412 Gouesnou 29
2%
7 640 Goyave 971
2%
8 221 Guilers 29
2%
11 277 Guilherand-Granges 07
2%
12 264 Harnes 62
2%
7 615 Hasparren 64
2%
11 413 Hœnheim 67
2%
7 410 Huningue 68
2%
6 631 Inzinzac-Lochrist 56
2%
8 090 Jarny 54
2%
9 362 Jarville-la-Malgrange 54
2%
10 273 Jeumont 59
2%
6 509 Jœuf 54
2%
7 085 Kervignac 56
2%
8 144 Koné 988
2%
9 745 La Farlède 83
2%
5 095 La Ferté Macé 61
2%
7 594 Lagord 17
2%
9 097 Lamorlaye 60
2%
8 046 Languidic 56
2%
5 712 Lannilis 29
2%
7 315 Lanton 33
2%
6 469 L'Arbresle 69
2%
5 572 Lardy 91
2%
8 162 La Ricamarie 42
2%
5 552 La Roquette-sur-Siagne 06
2%
7 103 La Talaudière 42
2%
6 018 Lavelanet 09
2%
7 643 La Verpillière 38
2%
5 879 La Wantzenau 67
2%
6 893 Le Coteau 42
2%
5 924 Le Diamant 972
2%
9 710 Léguevin 31
2%
11 499 Le Haillan 33
2%
6 607 Le Lorrain 972
2%
6 420 Le Mené 22
2%
9 360 Le Passage 47
2%
5 335 Le Pellerin 44
2%
7 198 Le Pian-Médoc 33
2%
5 205 Le Rove 13
2%
11 445 Les Avirons 974
2%
9 163 Les Sorinières 44
2%
6 735 Les Trois-Îlets 972
2%
10 966 Le Taillan-Médoc 33
2%
9 213 Le Teich 33
2%
5 366 Levens 06
2%
9 195 Lifou 988
2%
5 593 Ligné 44
2%
10 200 Lillers 62
2%
16 588 Loire-Authion 49
2%
5 726 Longueau 80
2%
10 559 Longuenesse 62
2%
8 787 Longvic 21
2%
5 995 Loon-Plage 59
2%
9 803 Lorgues 83
2%
6 818 Luisant 28
2%
5 081 Luynes 37
2%
7 246 Mably 42
2%
14 623 Mahina 987
2%
10 950 Mainvilliers 28
2%
11 725 Maizières-lès-Metz 57
2%
7 818 Malzéville 54
2%
11 364 Mana 973
2%
8 370 Marguerittes 30
2%
5 440 Marsannay-la-Côte 21
2%
6 272 Mazan 84
2%
5 770 Mazé-Milon 49
2%
7 400 Melesse 35
2%
5 337 Mériel 95
2%
6 621 Meung-sur-Loire 45
2%
9 678 Mézidon Vallée d'Auge 14
2%
5 224 Mignaloux-Beauvoir 86
2%
13 944 Montataire 60
2%
6 787 Montauroux 83
2%
6 657 Montech 82
2%
13 159 Monteux 84
2%
6 879 Montluel 01
2%
5 845 Montpon-Ménestérol 24
2%
15 684 Montrevault-sur-Èvre 49
2%
5 655 Montrond-les-Bains 42
2%
9 282 Mont-Saint-Martin 54
2%
5 707 Montval-sur-Loir 72
2%
5 280 Mormant 77
2%
6 261 Mornant 69
2%
5 744 Mourenx 64
2%
13 239 Mouvaux 59
2%
5 339 Mouy 60
2%
6 172 Mûrs-Erigné 49
2%
6 101 Mutzig 67
2%
6 322 Nandy 77
2%
5 090 Nans-les-Pins 83
2%
7 685 Nieppe 59
2%
5 805 Nieul-sur-Mer 17
2%
6 757 Noyelles-sous-Lens 62
2%
6 194 Ondres 40
2%
5 602 Orgères 35
2%
13 492 Ostwald 67
2%
6 741 Othis 77
2%
12 756 Paea 987
2%
7 463 Parentis-en-Born 40
2%
5 165 Pauillac 33
2%
8 143 Pégomas 06
2%
10 799 Pélissanne 13
2%
10 433 Pernes-les-Fontaines 84
2%
9 541 Pérols 34
2%
8 206 Petit-Canal 971
2%
8 491 Peymeinade 06
2%
8 828 Pibrac 31
2%
6 084 Pierrefeu-du-Var 83
2%
10 230 Pierrelaye 95
2%
14 068 Pirae 987
2%
5 779 Plouay 56
2%
5 343 Plouhinec 56
2%
5 418 Ploumagoar 22
2%
7 644 Pluvigner 56
2%
9 032 Poisy 74
2%
12 422 Pont-du-Château 63
2%
7 393 Pordic 22
2%
5 641 Pouzauges 85
2%
9 081 Prévessin-Moëns 01
2%
7 793 Publier 74
2%
6 668 Puilboreau 17
2%
6 059 Quint-Fonsegrives 31
2%
12 140 Raismes 59
2%
12 154 Riedisheim 68
2%
11 034 Riorges 42
2%
11 797 Rivière-Pilote 972
2%
5 528 Roquemaure 30
2%
5 295 Roques 31
2%
5 357 Rousset 13
2%
7 396 Ruelle-sur-Touvre 16
2%
7 517 Saint-Apollinaire 21
2%
5 309 Saint-Astier 24
2%
7 384 Saint-Berthevin 53
2%
8 669 Saint-Chamas 13
2%
5 176 Saint-Chéron 91
2%
7 199 Saint-Christol-lez-Alès 30
2%
7 209 Sainte-Pazanne 44
2%
10 457 Sainte-Savine 10
2%
6 060 Sainte-Sigolène 43
2%
10 422 Saint-Esprit 972
2%
5 848 Saint-Galmier 42
2%
10 530 Saint-Gély-du-Fesc 34
2%
6 182 Saint-Genest-Lerpt 42
2%
7 087 Saint-Ismier 38
2%
9 776 Saint-Lys 31
2%
5 996 Saint-Mitre-les-Remparts 13
2%
5 006 Saint-Pantaléon-de-Larche 19
2%
7 591 Saint-Péray 07
2%
11 121 Saint-Saulve 59
2%
6 689 Saint-Victoret 13
2%
5 059 Saint-Vit 25
2%
5 531 Saint-Xandre 17
2%
5 877 Saint-Zacharie 83
2%
5 656 Santes 59
2%
7 039 Sathonay-Camp 69
2%
6 611 Saulx-les-Chartreux 91
2%
7 556 Sausset-les-Pins 13
2%
5 197 Scaër 35
2%
6 317 Sciez 74
2%
9 074 Scionzier 74
2%
5 202 Séméac 65
2%
6 829 Sénas 13
2%
8 437 Sérignan 34
2%
10 167 Seysses 31
2%
5 823 Simiane-Collongue 13
2%
12 210 Solliès-Pont 83
2%
11 902 Somain 59
2%
5 028 Sommières 30
2%
8 071 Sorbiers 42
2%
6 651 Sury-le-Comtal 42
2%
5 110 Surzur 56
2%
6 979 Templeuve-en-Pévèle 59
2%
5 582 Ternay 69
2%
6 262 Terrasson-Lavilledieu 24
2%
8 433 Thaon-les-Vosges 88
2%
8 476 Theix-Noyalo 56
2%
5 794 Thizy-les-Bourgs 69
2%
8 215 Thuir 66
2%
9 040 Tomblaine 54
2%
8 248 Tonnay-Charente 17
2%
9 461 Tonneins 47
2%
6 595 Trans-en-Provence 83
2%
7 094 Trégunc 35
2%
10 414 Treillières 44
2%
6 931 Trévoux 01
2%
12 386 Triel-sur-Seine 78
2%
13 934 Tsingoni 976
2%
7 001 Uckange 57
2%
8 495 Unieux 42
2%
7 684 Ustaritz 64
2%
5 715 Valdahon 25
2%
10 624 Valentigney 25
2%
8 314 Varces-Allières-et-Risset 38
2%
6 198 Vaugneray 69
2%
16 079 Vauréal 95
2%
8 984 Veauche 42
2%
7 157 Vendargues 34
2%
6 005 Vendenheim 67
2%
8 420 Venelles 13
2%
5 175 Vernaison 69
2%
7 040 Vieux-Habitants 971
2%
7 226 Villemoisson-sur-Orge 91
2%
5 792 Villennes-sur-Seine 78
2%
10 086 Villerupt 54
2%
5 240 Villette-d'Anthon 38
2%
8 050 Vineuil 41
2%
6 955 Viriat 01
2%
10 984 Wambrechies 59
2%
6 307 Wimereux 62
2%
10 364 Wittelsheim 68
2%
7 899 Achicourt 62
1%
5 192 Acoua 976
1%
5 423 Aiffres 79
1%
5 928 Algrange 57
1%
10 001 Aniche 59
1%
10 059 Apatou 973
1%
10 322 Arue 987
1%
5 962 Aubignan 84
1%
5 349 Audruicq 62
1%
7 793 Baillargues 34
1%
5 361 Baisieux 59
1%
7 795 Ballancourt-sur-Essonne 91
1%
13 989 Bandraboua 976
1%
10 282 Bandrele 976
1%
5 246 Barberaz 73
1%
7 330 Barlin 62
1%
5 823 Beauvoisin 30
1%
8 184 Beauzelle 31
1%
5 521 Bédarrides 84
1%
6 299 Behren-lès-Forbach 57
1%
6 239 Bellevigny 85
1%
8 521 Bessancourt 95
1%
7 030 Bétheny 51
1%
5 288 Bethoncourt 25
1%
9 078 Beuvry 62
1%
7 635 Beynes 78
1%
5 983 Blanzy 71
1%
5 077 Blotzheim 68
1%
5 724 Bohain-en-Vermandois 02
1%
7 712 Bompas 66
1%
6 386 Bon-Encontre 47
1%
6 444 Bonsecours 76
1%
5 394 Bordères-sur-l'Échez 65
1%
6 189 Bouéni 976
1%
6 565 Bouffémont 95
1%
6 119 Bouillargues 30
1%
5 531 Bourail 988
1%
6 958 Bourbourg 59
1%
7 057 Brech 56
1%
9 023 Breuillet 91
1%
5 908 Bruguières 31
1%
8 176 Brunstatt-Didenheim 68
1%
6 784 Cadaujac 33
1%
5 416 Calonne-Ricouart 62
1%
6 295 Calvisson 30
1%
5 836 Canéjan 33
1%
6 575 Canohès 66
1%
7 865 Cappelle-la-Grande 59
1%
11 033 Castelginest 31
1%
5 499 Caumont-sur-Durance 84
1%
5 185 Cazouls-lès-Béziers 34
1%
8 949 Cébazat 63
1%
6 548 Ceyrat 63
1%
6 860 Chabeuil 26
1%
5 237 Champniers 16
1%
10 459 Charvieu-Chavagneux 38
1%
6 205 Châtenoy-le-Royal 71
1%
6 375 Chatuzange-le-Goubet 26
1%
7 288 Chaumes-en-Retz 44
1%
5 090 Chavanoz 38
1%
5 507 Chazelles-sur-Lyon 42
1%
8 948 Chécy 45
1%
8 295 Chiconi 976
1%
8 920 Chirongui 976
1%
6 010 Clapiers 34
1%
5 601 Cloyes-les-Trois-Rivières 28
1%
6 729 Cognin 73
1%
5 273 Cormelles-le-Royal 14
1%
8 571 Cornebarrieu 31
1%
5 409 Coublevie 38
1%
7 537 Coulounieix-Chamiers 24
1%
5 762 Coursan 11
1%
6 245 Courthézon 84
1%
8 695 Coutras 33
1%
7 476 Cranves-Sales 74
1%
5 419 Crégy-lès-Meaux 77
1%
5 058 Cruseilles 74
1%
5 165 Cucq 62
1%
5 659 Cugand-la-Bernardière 85
1%
5 949 Cuges-les-Pins 13
1%
6 499 Cuincy 59
1%
5 718 Dainville 62
1%
6 830 Divion 62
1%
9 528 Dombasle-sur-Meurthe 54
1%
6 777 Domène 38
1%
6 068 Dourges 62
1%
5 799 Douvrin 62
1%
5 357 Drusenheim 67
1%
6 525 Eaunes 31
1%
7 362 Ensisheim 68
1%
8 888 Entraigues-sur-la-Sorgue 84
1%
6 465 Entrelacs 73
1%
5 784 Erdre-en-Anjou 49
1%
5 349 Erquinghem-Lys 59
1%
6 990 Escalquens 31
1%
9 060 Escaudain 59
1%
6 835 Essarts-en-Bocage 85
1%
6 551 Estaires 59
1%
6 264 Esvres 37
1%
6 915 Eyguières 13
1%
5 226 Farébersviller 57
1%
5 154 Faulquemont 57
1%
5 769 Fegersheim 67
1%
6 727 Feignies 59
1%
5 138 Florensac 34
1%
5 869 Fontenilles 31
1%
6 134 Fouquières-lès-Lens 62
1%
6 480 Frouard 54
1%
9 808 Frouzins 31
1%
5 263 Gambsheim 67
1%
5 579 Garéoult 83
1%
5 244 Garons 30
1%
5 197 Gauchy 02
1%
7 759 Geispolsheim 67
1%
5 632 Genay 69
1%
5 987 Gévezé 35
1%
6 559 Gigean 34
1%
7 824 Gleizé 69
1%
7 378 Gourbeyre 971
1%
9 060 Grabels 34
1%
5 865 Grand-Charmont 25
1%
9 390 Grand-Santi 973
1%
5 382 Grans 13
1%
6 674 Grenay 62
1%
6 284 Grézieu-la-Varenne 69
1%
9 752 Gros-Morne 972
1%
7 922 Guénange 57
1%
5 061 Habsheim 68
1%
5 099 Hauts de Bienne 39
1%
5 396 Heillecourt 54
1%
6 098 Hersin-Coupigny 62
1%
7 768 Hettange-Grande 57
1%
10 196 Hitiaa O Te Ra 987
1%
6 122 Hombourg-Haut 57
1%
6 247 Horbourg-Wihr 68
1%
6 990 Houdain 62
1%
7 907 Houplines 59
1%
6 263 Huahine 987
1%
5 134 Idron 64
1%
9 838 Ingré 45
1%
8 653 Isbergues 62
1%
6 674 Itteville 91
1%
6 347 Izon 33
1%
6 964 Jacou 34
1%
6 315 Jassans-Riottier 01
1%
5 965 Jouars-Pontchartrain 78
1%
5 507 Kani-Kéli 976
1%
5 694 Kembs 68
1%
5 215 La Balme-de-Sillingy 74
1%
6 467 Labarthe-sur-Lèze 31
1%
7 095 Labenne 40
1%
6 447 La Bouilladisse 13
1%
6 567 Labruguière 81
1%
5 657 La Cadière-d'Azur 83
1%
6 342 La Chevrolière 44
1%
5 681 La Crèche 79
1%
5 413 La Garnache 85
1%
7 321 Lagnieu 01
1%
5 553 La Gorgue 59
1%
5 154 Laillé 35
1%
9 951 Lambesc 13
1%
6 595 Laneuveville-devant-Nancy 54
1%
9 154 La Ravoire 73
1%
6 673 Laudun-l'Ardoise 30
1%
9 216 Launaguet 31
1%
5 007 Laventie 62
1%
5 575 La Ville-aux-Dames 37
1%
8 140 La Ville-du-Bois 91
1%
5 713 Le Barp 33
1%
5 455 Le Cendre 63
1%
6 787 Le Controis-en-Sologne 41
1%
7 120 Leforest 62
1%
8 595 Le Loroux-Bottereau 44
1%
8 022 Le Malesherbois 45
1%
7 998 Le Mesnil-Esnard 76
1%
8 646 Lempdes 63
1%
6 541 Lentilly 69
1%
5 848 Le Poinçonnet 36
1%
5 583 Le Port-Marly 78
1%
6 713 Les Abrets en Dauphiné 38
1%
5 451 Les Achards 85
1%
7 699 Les Avenières Veyrins-Thuellin 38
1%
8 712 Les Hauts-d'Anjou 49
1%
7 896 Le Soler 66
1%
5 156 Le Val d'Hazey 27
1%
8 481 Le Vauclin 972
1%
6 468 Lezoux 63
1%
5 179 L'Hôpital 57
1%
6 884 Liancourt 60
1%
8 047 Libercourt 62
1%
8 177 Linselles 59
1%
5 691 L'Isle-d'Espagnac 16
1%
7 295 Lisses 91
1%
5 656 Liverdun 54
1%
7 509 Loireauxence 44
1%
5 202 Loison-sous-Lens 62
1%
6 456 Longpont-sur-Orge 91
1%
5 141 Longuyon 54
1%
6 334 Louvroil 59
1%
5 466 Ludon-Médoc 33
1%
5 899 Ludres 54
1%
6 755 Lutterbach 68
1%
5 093 Maen Roch 35
1%
6 125 Malaunay 76
1%
7 087 Manduel 30
1%
6 517 Marange-Silvange 57
1%
5 637 Marcheprime 33
1%
8 700 Margny-lès-Compiègne 60
1%
6 432 Marignier 74
1%
5 437 Marles-les-Mines 62
1%
5 920 Marnaz 74
1%
5 169 Marquise 62
1%
6 787 Marsillargues 34
1%
7 959 Martignas-sur-Jalle 33
1%
8 164 Mazingarbe 62
1%
6 189 Menucourt 95
1%
6 341 Meyreuil 13
1%
6 276 Migné-Auxances 86
1%
5 619 Missillac 44
1%
5 739 Mondelange 57
1%
6 003 Mondonville 31
1%
18 201 Moorea-Maiao 987
1%
5 005 Morcenx-la-Nouvelle 40
1%
12 576 Moret-Loing-et-Orvanne 77
1%
8 996 Morières-lès-Avignon 84
1%
5 353 Mouguerre 64
1%
5 209 Mouilleron-le-Captif 85
1%
5 869 Mouroux 77
1%
7 705 Mtsamboro 976
1%
5 299 Mulsanne 72
1%
5 236 Mundolsheim 67
1%
5 954 Naintré 86
1%
5 839 Nègrepelisse 82
1%
6 572 Neuves-Maisons 54
1%
5 548 Nouzonville 08
1%
5 918 Noves 13
1%
5 473 Noyant-Villages 49
1%
5 652 Oberhausbergen 67
1%
10 260 Oignies 62
1%
5 361 Ollainville 91
1%
8 811 Ombrée d'Anjou 49
1%
8 567 Onnaing 59
1%
6 014 Ostricourt 59
1%
10 203 Ouangani 976
1%
5 716 Oye-Plage 62
1%
11 442 Pamandzi 976
1%
5 530 Papaichton 973
1%
11 743 Papara 987
1%
10 407 Parempuyre 33
1%
5 367 Parigné-l'Évêque 72
1%
5 683 Parmain 95
1%
6 095 Pavilly 76
1%
8 487 Pérenchies 59
1%
9 626 Petit-Caux 76
1%
5 058 Petite-Forêt 59
1%
5 612 Peypin 13
1%
5 316 Peyrolles-en-Provence 13
1%
10 275 Pfastatt 68
1%
8 326 Pignan 34
1%
6 909 Plédran 22
1%
6 200 Plescop 56
1%
5 281 Plessé 44
1%
6 403 Plonéour-Lanvern 29
1%
5 039 Plouigneau 29
1%
6 257 Pluneret 56
1%
5 006 Poindimié 988
1%
5 489 Pollestres 66
1%
6 107 Pont-de-Chéruy 38
1%
5 843 Pont-Évêque 38
1%
5 620 Pourrières 83
1%
6 540 Poussan 34
1%
5 123 Pulnoy 54
1%
6 863 Quesnoy-sur-Deûle 59
1%
6 078 Quiévrechain 59
1%
5 801 Rabastens 81
1%
5 032 Rambervillers 88
1%
5 407 Reichshoffen 67
1%
5 228 Reyrieux 01
1%
5 742 Riantec 56
1%
5 489 Rocbaron 83
1%
7 905 Romagnat 63
1%
9 534 Rombas 57
1%
5 966 Roost-Warendin 59
1%
8 823 Roquevaire 13
1%
5 409 Rosheim 67
1%
8 675 Rouvroy 62
1%
11 156 Sada 976
1%
5 663 Sainghin-en-Weppes 59
1%
5 972 Sains-en-Gohelle 62
1%
5 877 Saint-Cannat 13
1%
5 016 Sainte-Soulle 17
1%
6 344 Saint-Jorioz 74
1%
6 575 Saint-Juéry 81
1%
10 057 Saint-Loubès 33
1%
5 246 Saint-Lyphard 44
1%
5 439 Saint-Memmie 51
1%
6 478 Saint-Pathus 77
1%
5 592 Saint-Privat-des-Vieux 30
1%
5 853 Saintry-sur-Seine 91
1%
5 724 Saleilles 66
1%
9 633 Sallaumines 62
1%
5 597 Sausheim 68
1%
5 155 Seichamps 54
1%
5 812 Seloncourt 25
1%
5 652 Sillingy 74
1%
8 182 Souffelweyersheim 67
1%
7 019 Soultz-Haut-Rhin 68
1%
11 048 Stiring-Wendel 57
1%
5 296 Taha'a 987
1%
13 602 Taiarapu-Est 987
1%
8 371 Taiarapu-Ouest 987
1%
8 044 Talange 57
1%
7 609 Terville 57
1%
8 272 Téteghem-Coudekerque-Village 59
1%
10 837 Teva I Uta 987
1%
6 189 Thue et Mue 14
1%
6 344 Thyez 74
1%
7 944 Tignieu-Jameyzieu 38
1%
5 220 Tourves 83
1%
5 188 Tresses 33
1%
5 107 Trilport 77
1%
7 657 Tullins 38
1%
5 047 Val-de-Moder 67
1%
5 193 Valdoie 90
1%
5 090 Valleiry 74
1%
6 625 Vallons-de-l'Erdre 44
1%
11 799 Vedène 84
1%
6 734 Veigné 37
1%
8 827 Velaux 13
1%
5 613 Ventabren 13
1%
5 778 Vergèze 30
1%
10 412 Vétraz-Monthoux 74
1%
6 026 Vexin-sur-Epte 27
1%
5 509 Viarmes 95
1%
10 455 Vieux-Condé 59
1%
9 196 Ville-la-Grand 74
1%
6 931 Villemandeur 45
1%
6 235 Villemur-sur-Tarn 31
1%
5 073 Villenoy 77
1%
5 175 Villerest 42
1%
5 283 Vindry-sur-Turdine 69
1%
6 245 Vouneuil-sous-Biard 86
1%
5 618 Wallers 59
1%
5 777 Wasselonne 67
1%
7 777 Wavrin 59
1%
7 312 Waziers 59
1%
5 446 Wervicq-Sud 59
1%
8 734 Wingles 62
1%
8 045 Wintzenheim 68
1%
5 645 Wormhout 59
1%
5 806 Aimargues 30
0%
5 819 Annezin 62
0%
5 617 Aussillon 81
0%
5 124 Bauvin 59
0%
5 530 Beaurains 62
0%
5 874 Bellevigne-en-Layon 49
0%
6 791 Beuvrages 59
0%
5 210 Brebières 62
0%
5 580 Chanverrie 85
0%
5 403 Coulogne 62
0%
7 019 Cournonterral 34
0%
5 343 Dechy 59
0%
5 533 Fenain 59
0%
9 812 Fillière 74
0%
5 677 Flines-lez-Raches 59
0%
5 480 Foulayronnes 47
0%
5 508 Guînes 62
0%
6 250 Homécourt 54
0%
5 213 Jonquières 84
0%
6 212 Lallaing 59
0%
5 041 Lestrem 62
0%
6 453 Longuenée-en-Anjou 49
0%
6 142 Mesnils-sur-Iton 27
0%
6 142 Milhaud 30
0%
5 100 Moncoutant-sur-Sèvre 79
0%
7 320 Moyeuvre-Grande 57
0%
6 432 M'Tsangamouji 976
0%
5 949 Noyelles-Godault 62
0%
6 160 Pecquencourt 59
0%
6 176 Petite-Rosselle 57
0%
5 679 Piolenc 84
0%
8 112 Reignier-Ésery 74
0%
5 642 Rives-du-Loir-en-Anjou 49
0%
6 518 Sainte-Livrade-sur-Lot 47
0%
5 834 Sarrians 84
0%
5 498 Sauvian 34
0%
5 116 Schweighouse-sur-Moder 67
0%
5 427 Servian 34
0%
6 401 Sèvremont 85
0%
8 643 Souleuvre en Bocage 14
0%
5 007 Taputapuatea 987
0%
5 692 Valdallière 14
0%
Aucun quiz correspondant
Distribution des résultats
% des personnes avec chaque résultat
Percentile par nombre de réponses
Votre historique - résultats
Vous n’avez pas pris ce quiz